00861nam a2200193Ia 4500999001500000003000900015005001700024008004100041040002800082090002100110110006300131245011700194260008000311300004500391504002400436650004600460942001200506952014900518 c2653d2653DO-SdBJH20180416173852.0180414s9999 dr 000 0 spa d aDO-SdBJHbspacDO-SdBJH aDM FM 21-26 1987 aInstituto de Cooperación para la Seguridad Hemisférica10aFM 21-26: Lectura de mapas y navegación terrestre / Instituto de Cooperación para la Seguridad Hemisférica aFuerte Benning, Georgia : Cuartel General Secretaría del Ejército, 1987 avi, 184 páginas en varias paginaciones aIncluye apéndices 4aMapas y navegación terrestre -- Lectura 2ddccBK 00102ddc40708DMaBEGEMbBEGEMcGENd2018-04-14i18-EERD-01027l0oDM FM 21-26 1987p18-EERD-01027r2018-04-14 00:00:00tEj.1w2018-04-14yBK